Countries That Border Uzbekistan (With Map) - Statistics

General Stats
  • This quiz has been taken 44 times
  • The average score is 5 of 5
Answers on the Map
Answers color-coded by a green-red scale on the quiz's map according to % correct below.
 
Answer Stats
Country % Correct
Kazakhstan
100%
Kyrgyzstan
100%
Turkmenistan
98%
Afghanistan
95%
Tajikistan
95%
No matching quizzes found
Score Distribution
Percent of People with Each Score
Percentile by Number Answered
Your Score History
You have not taken this quiz